000 00420nam a2200181Ia 4500
005 20240823061113.0
008 240823s9999||||xx |||||||||||||| ||und||
041 _aTAMIL
082 _A658.4038 Q8
100 _aNalli Kuppuswami Chettiar
245 0 _aAathisoodiyil Nirvagam
250 _a1st
260 _c2018
_bBrain Bank Public
500 _aYES
650 _aTamil
_bGeneral
942 _cBK
999 _c232721
_d232721